La llamada crisis del marxismo /

Bewaard in:
Bibliografische gegevens
Hoofdauteur: Gónzalez Rams, Alina
Formaat: Onbekend
Taal:Spanish
Onderwerpen:
Tags: Voeg label toe
Geen labels, Wees de eerste die dit record labelt!

MARC

LEADER 000000000a22000000004500
001 006462
041 0 |a spa 
100 1 |a Gónzalez Rams, Alina 
245 1 3 |a La llamada crisis del marxismo /   |c Alina González Rams. 
650 4 |a MARXISMO 
650 4 |a CUBA 
773 0 |d Cuba : Editorial Academia  |t Revista Cubana de Ciencias Sociales  |g (1991), páginas 37-41 
942 |c ARC 
999 |c 12880  |d 12880